Royaumes représentés à la diète d'Autriche-Hongrie - Statistiques

Statistiques générales
  • Ce quiz a été pris 131 fois
  • Le résultat moyen est 9 sur 17
Statistiques - réponses
Forme Province Capitale % Correct
Royaume de Bohême Prague
95%
Margraviat de Moravie Brno
77%
Comté princier de Tyrol Innsbruck
75%
Ville immédiate de l'Empire de Trieste Trieste
71%
Duché de Salzbourg Salzbourg
60%
Archiduché de Haute-Autriche Linz
59%
Archiduché de Basse-Autriche Vienne
58%
Royaume de Dalmatie Zadar
58%
Royaume de Galicie et de Lodomérie Lviv
58%
Duché de Carinthie Klagenfurt
52%
Duché de Styrie Graz
49%
Duché de Silésie Opava
39%
Margraviat d'Istrie Poreč
35%
Duché de Carniole Ljubljana
30%
Land Vorarlberg Bregenz
28%
Comté princier de Gorizia et Gradisca Gorizia
25%
Duché de Bucovine Tchernivtsi
21%
Aucun quiz correspondant
Distribution des résultats
% des personnes avec chaque résultat
Percentile par nombre de réponses
Votre historique - résultats
Vous n’avez pas pris ce quiz